| 000 | 01014nam a22003017a 4500 | ||
|---|---|---|---|
| 999 |
_c431 _d431 |
||
| 001 | 002064 | ||
| 003 | CoMeUDC002064 | ||
| 005 | 20181214192530.0 | ||
| 008 | 150814s2013 ck fr 00110 spa d | ||
| 015 | _ack-2013-xxxx | ||
| 020 | _a9789587690491 | ||
| 040 |
_aCO-BoUCM _bspa _cCoMeUDC _dSandra Palacio |
||
| 041 | 0 | _aspa | |
| 082 | 4 |
_a334.09 _220 _bC133d |
|
| 100 | 1 |
_aCaicedo Vasco, Myriam _970794 |
|
| 245 | 1 | 0 |
_aDerecho cooperativo y solidario / _cMyriam Caicedo Vasco |
| 250 | _a4a ed. | ||
| 260 |
_aBogotá (Colombia) : _b Leyer , _c2013. |
||
| 300 | _a245 páginas | ||
| 504 | _aIncluye referencias bibliográficas e índices | ||
| 650 | 7 |
_aCooperativas _x Legislación _z Colombia _970795 |
|
| 650 | 7 |
_aDerecho cooperativo _z Colombia _970796 |
|
| 650 | 7 |
_aEducación cooperativa _z Colombia _970797 |
|
| 650 | 7 |
_aCooperativas de trabajo asociado _z Colombia _970798 |
|
| 690 |
_942779 _aDerecho privado |
||
| 942 |
_2ddc _a8 _cBK _e1 _h334.09 _mC133d |
||
| 949 |
_ac _bn |
||